Effectif Liverpool 2025/2026 - Statistiques

Statistiques générales
  • Ce quiz a été pris 1 537 fois
    333 depuis la dernière actualisation
  • Le résultat moyen est 21 sur 28
Statistiques - réponses
Poste Numéro Pays Joueur % Correct
G 1 Brésil Alisson Becker
99%
DEF 4 Pays-Bas Virgil van Dijk
97%
ATT 22 France Hugo Ekitiké
96%
DEF 5 France Ibrahima Konaté
96%
ATT 11 Egypte Mohamed Salah
96%
ATT 9 Suède Alexander Isak
95%
MIL 10 Argentine Alexis Mac Allister
95%
MIL 8 Hongrie Dominik Szoboszlai
95%
MIL 7 Allemagne Florian Wirtz
94%
DEF 26 Ecosse Andrew Robertson
93%
COACH - Pays-Bas Arne Slot
93%
ATT 18 Pays-Bas Cody Gakpo
93%
ATT 14 Italie Federico Chiesa
92%
DEF 6 Hongrie Milos Kerkez
92%
MIL 38 Pays-Bas Ryan Gravenberch
86%
G 25 Géorgie Giorgi Mamardashvili
85%
MIL 3 Japon Wataru Endō
84%
DEF 2 Angleterre Joe Gomez
83%
MIL 17 Angleterre Curtis Jones
78%
DEF 30 Pays-Bas Jeremie Frimpong
78%
DEF 12 Irlande du Nord Conor Bradley
73%
ATT 73 Angleterre Rio Ngumoha
60%
DEF 15 Italie Giovanni Leoni
51%
MIL 42 Angleterre Trey Nyoni
37%
MIL 43 Espagne Stefan Bajcetic
36%
G 28 Angleterre Freddie Woodman
31%
DEF 47 Ecosse Calvin Ramsay
17%
DEF 46 Angleterre Rhys Williams
15%
Aucun quiz correspondant
Distribution des résultats
% des personnes avec chaque résultat
Percentile par nombre de réponses
Votre historique - résultats
Vous n’avez pas pris ce quiz depuis la dernière actualisation